SISTEMA DE BIBLIOTECAS
Carmen Mendoza De Cornielle

Vista normal Vista MARC
  • República Dominicana.

Entrada Entidad corporativa

Número de registros utilizados en: 4

001 - NÚMERO DE CONTROL

  • campo de control: 3522

003 - IDENTIFICADOR DEL NÚMERO DE CONTROL

  • campo de control: DO-SdUEMH

005 - FECHA Y HORA DE LA ÚLTIMA TRANSACCIÓN

  • campo de control: 20260228162920.0

008 - DATOS DE LONGITUD FIJA

  • campo de control de longitud fija: 260228|| azn||aabn | a|a d

040 ## - FUENTE DE LA CATALOGACIÓN

  • Centro catalogador/agencia de origen: DO-SdUEMH
  • Lengua de catalogación: spa
  • Normas de descripción: rda

110 1# - ENCABEZAMIENTO-NOMBRE DE ENTIDAD CORPORATIVA

  • Nombre de entidad corporativa o nombre de jurisdicción como elemento de entrada: República Dominicana.
  • Unidad subordinada: Consejo Presidencial del SIDA
UNIREMHOS

Av. Abraham Lincoln no. 126, casi esq. José Contreras,
Santo Domingo, República Dominicana

Correo: info@uniremhos.edu.do

Tel.: (809) 532-3739

Horario: Lunes a Viernes: 8:00 am - 6:00 pm | Sábados: 8:00 am - 12:00 m

📍 Ubicación
UNEFA

Av. 27 de Febrero no. 52, El Vergel,
Santo Domingo, República Dominicana

Tel.: (809) 530-0224

📍 Ubicación
UFHEC

Av. Máximo Gómez esq. César Nicolás Penson, La Esperilla,
Santo Domingo, República Dominicana

Tel.: (809) 537-6000

📍 Ubicación